000 01340nam a22003617a 4500
003 CHAP
005 20220329140919.0
008 971013s1991 r 10010 d
010 _a59736
011 _a60708
035 _a64870
040 _cCHAP
082 _a711.5524
_bS4
111 0 0 _aSeminario Internacional sobre Parques Tecnológicos (
_d1991
_c: México, D.F.)
_9104161
245 _aProblemática del desarrollo tecnológico nacional
_b: memoria
260 _aMéxico, D.F. :
_bAcademia Mexicana de Ingeniería,
_c1991
300 _a261 p.
490 _aAlternativas tecnológicas
_v; 36
590 _aBATCH-UPD
_b10
_c20130110
_lUCH01
_h0454
590 _aBATCH-UPD
_b10
_c20130110
_lUCH01
_h2239
590 _aBATCH-UPD
_b10
_c20130410
_lUCH01
_h0132
590 _aBATCH-UPD
_b10
_c20130410
_lUCH01
_h1638
590 _aBATCH-UPD
_b10
_c20130914
_lUCH01
_h1639
590 _aCONVERSION
_b10
_c20130109
_lUCH01
_h1332
650 1 4 _aIngeniería agrícola.
_958196
650 1 4 _aIngeniería industrial.
_958257
650 1 4 _aParques industriales.
_985695
711 0 _aMesa Redonda sobre la Ingeniería dentro de la Enseñanza Interdisciplinaria (1991 : México, D.F.)
_975083
830 0 _aAlternativas tecnologicas
_v; 36
_94687
901 _aBK
942 _cLIBRO
949 _a711.5524 S4
_bBC
_cCONG
_d-142909
_eCONG
_h90230
_i64870
_si
999 _c59736
_d59736